| 000 | 01417cam a2200409 4500 | ||
|---|---|---|---|
| 999 |
_c23111 _d23111 |
||
| 001 | vtls011867377 | ||
| 005 | 20220131081132.0 | ||
| 008 | 200316s2019 xo er 010 fdslo | ||
| 020 |
_a9788055165295 _q(viazané) |
||
| 035 | _aurn:nbn:sk:snk-am00dj5e | ||
| 035 | _aurn:nbn:sk:snk-am3i3yd | ||
| 035 | _a0F64BEA4-BF14-400E-BC14-458DD32FAA93 | ||
| 040 |
_aTTKJF _bslo _cTTKJF _dSNK _erda |
||
| 041 | 1 |
_aslo _hger |
|
| 044 |
_axo _cSK |
||
| 072 | 7 |
_a821.112.2-3 _xNemecká próza, nemecky písaná _2konspekt |
|
| 080 |
_a821.112.2-31 _22011 |
||
| 080 |
_a821-311.5 _22011 |
||
| 100 | 1 |
_aLucas, Charlotte, _d1972- _4aut _92387 |
|
| 240 | 1 | 0 |
_aWir sehen uns beim Happy End _lSlovensky |
| 245 | 1 | 0 |
_aPočkajte si na happy end _cCharlotte Lucasová ; preložil Andrej Zahorák |
| 264 | 1 |
_aBratislava _bIkar _c2019 |
|
| 300 |
_a397 strán _c21 cm |
||
| 336 |
_atext _btxt _2rdacontent |
||
| 337 |
_abez média _bn _2rdamedia |
||
| 338 |
_azväzok _bnc _2rdacarrier |
||
| 500 | _aPreložené z nemčiny | ||
| 500 | _aObsahuje biografické údaje o autorke na zadnej obálke | ||
| 655 | 7 |
_anemecké romány _2SNKPH _92380 |
|
| 655 | 7 |
_aGerman fiction _2SNKPHeng _92379 |
|
| 655 | 7 |
_ahumoristické romány _2SNKPH _91675 |
|
| 655 | 7 |
_aHumorous fiction _2SNKPHeng _92615 |
|
| 700 | 1 |
_aZahorák, Andrej, _d1990- _4trl _92616 |
|
| 958 | _aLX | ||
| 958 | _aUP | ||